000 00803cab a2200241 4500
001 WB3103-32
008 090401t1995 xxu||||| |||| 00| 0 eng d
035 _a(Sirsi) u70811
041 _aeng
245 _aDoE backs industry study
260 _c1995
350 _a0
490 _aBuilding Design
_v(1203) 13 January 1995, 3(1)
520 _aA research study on professional services in the building industry, to be compiled by the Construction Industry Council, has achieved funding from the DoE.
650 _aCONSTRUCTION INDUSTRY COUNCIL
650 _aCONSTRUCTION INDUSTRY
650 _aMARKET DATA ON PROFESSIONAL SERVICES IN CONSTRUCTION
650 _aPROFESSIONAL SERVICES
690 _aBUILT ENVIRONMENT
690 _aPROFESSIONAL PRACTICE
942 _n0
948 _c04/03/1997
999 _c44593
_d44593